Desarrollo y educación en América Latina y el Caribe /
Guardado en:
| Autor Corporativo: | |
|---|---|
| Otros Autores: | |
| Formato: | Libro |
| Idioma: | Spanish |
| Publicado: |
Buenos Aires :
CEPAL,
c1987.
|
| Series: | Educación y Sociedad ;
1, 2 |
| Etiquetas: |
Agregar Etiqueta
Sin Etiquetas, Sea el primero en etiquetar este registro!
|
| LEADER | 00801nam a22002175a 4500 | ||
|---|---|---|---|
| 001 | EEA.libagro005455 | ||
| 005 | 20180627124420.0 | ||
| 008 | 130809s1987####ag############000#0#spa#d | ||
| 020 | |a 9501361330 (obra completa) | ||
| 020 | |a 9501361349 (v. 1) | ||
| 020 | |a 9501361357 (v. 2) | ||
| 082 | 0 | 4 | |a 370.98 |
| 082 | 0 | 4 | |a 338.98 |
| 245 | 0 | 0 | |a Desarrollo y educación en América Latina y el Caribe / |c coordinado por Germán W. Rama. |
| 260 | |a Buenos Aires : |b CEPAL, |c c1987. | ||
| 300 | |a 2 v. ; |c 23 cm. | ||
| 490 | 1 | |a Educación y Sociedad ; |v 1, 2 | |
| 700 | 1 | |a Rama, Germán W. | |
| 710 | 2 | |a Naciones Unidas. |b Comisión Económica para América Latina y el Caribe. | |
| 859 | |a AR-BbBCA |b BIB. AGRONOMIA |h 370.98 |i R165 |p 1996/2769 |v 1 |3 Vol. 1 | ||
| 859 | |a AR-BbBCA |b BIB. AGRONOMIA |h 370.98 |i R165 |p 1996/2770 |v 2 |3 Vol. 2 | ||
